京王電鉄 開業当時の社名 - Statistics

General Stats
  • This quiz has been taken 62 times
  • The average score is 7 of 10
Answer Stats
路線 区間 社名 % Correct
京王新線 全線 京王帝都電鉄
91%
相模原線 全線 京王帝都電鉄
91%
競馬場線 全線 京王帝都電鉄
91%
動物園線 全線 京王帝都電鉄
91%
高尾線 山田 - 高尾山口 京王帝都電鉄
91%
井の頭線 全線 帝都電鉄
74%
京王線 初台 - 府中 京王電気軌道
64%
高尾線 北野 - 山田 京王電気軌道
64%
京王線 新宿 - 初台 東京急行電鉄
38%
京王線 府中 - 京王八王子 玉南電気鉄道
38%
No matching quizzes found
Score Distribution
Percent of People with Each Score
Percentile by Number Answered
Your Score History
You have not taken this quiz